|
|
|
|
| LEADER |
00871nam a2200325 4500 |
| 001 |
DLU180182885 |
| 005 |
##20180109 |
| 020 |
# |
# |
|a 9786045373688
|
| 040 |
# |
# |
|a DLU
|b vie
|
| 041 |
# |
# |
|a vie
|
| 044 |
# |
# |
|a vn
|
| 082 |
# |
# |
|a 915.975 1
|b VO-H
|
| 100 |
# |
# |
|a Võ Văn Hòe,
|e sưu tầm, biên soạn.
|
| 245 |
# |
# |
|a Địa danh thành phố Đà Nẵng.
|n t.V /
|c Võ Văn Hòe sưu tầm, biên soạn.
|
| 260 |
# |
# |
|a H. :
|b Hội nhà văn,
|c 2016.
|
| 300 |
# |
# |
|a 759 tr. :
|b minh họa ;
|c 21 cm.
|
| 650 |
# |
# |
|a Đà Nẵng (Việt Nam)
|x Mô tả và du lịch.
|
| 650 |
# |
# |
|a Địa danh
|z Việt Nam
|z Đà Nẵng.
|
| 923 |
# |
# |
|a 01/2017
|
| 990 |
# |
# |
|a t.V
|
| 991 |
# |
# |
|a SH
|
| 992 |
# |
# |
|a 30000
|
| 994 |
# |
# |
|a DLU
|
| 900 |
# |
# |
|a True
|
| 911 |
# |
# |
|a Nguyễn Thanh Hương
|
| 925 |
# |
# |
|a G
|
| 926 |
# |
# |
|a A
|
| 927 |
# |
# |
|a SH
|
| 980 |
# |
# |
|a Thư viện Trường Đại học Đà Lạt
|